000 00513nam a2200181Ia 4500
003 GCL
008 140319s9999 xx 000 0 ara d
040 _aGCL /
_cGCL
082 0 4 _a541
_bص ك
100 1 _aصفاء صالح العمر
245 1 0 _aالكمياء الفزياوية ط1 /
_cصفاء صالح العمر
700 1 _aعلى عبدالحسين سعيد
260 _a[S.N] :
_bجامعة البصرة ،
_c1986
300 _a422 ص
490 _a
650 0 4 _aتعليم
942 _2ddc
_cBK
999 _c53484
_d53484